Prontuario alfabético-geográfico-estadístico y administrativo de los ayuntamientos de España / por Don Arístipo Guillem
Descripción Física:
192 p. ; 26 cm
MARC
| LEADER | 00000nam a2200000Ia 4500 | ||
|---|---|---|---|
| 001 | 13425 | ||
| 008 | 160829s1877 xx 000 0 cat d | ||
| 080 | |a M-5-42 | ||
| 100 | |a Guillem, Arístipo |9 24920 | ||
| 245 | |a Prontuario alfabético-geográfico-estadístico y administrativo de los ayuntamientos de España / por Don Arístipo Guillem | ||
| 260 | |a Madrid : |b Imprenta de J. Sol Torrens y Diego G. Navarro, |c 1877 | ||
| 300 | |a 192 p. ; |c 26 cm | ||
| 590 | |a Obra oficial per Reial Ordre de 16 de de gener de 1877. | ||
| 590 | |a A portada: Don Arístipo Guillem gefe que ha sido de Secciones de Estadística, Secretario de Gobiernos de província y gefe de Negociado en la actualidad en el Ministerio de Governación. | ||
| 650 | |a Topònims |x Espanya |9 24921 | ||
| 650 | |a Espanya |x Censos |x 1860 I |9 24923 | ||
| 650 | |a Espanya |x Població |x 1875 |9 24924 | ||
| 651 | 0 | |a Espanya |x Divisions administratives i polítiques |9 54247 | |
| 901 | |a Arxiu | ||
| 942 | |n 1 | ||
| 952 | |0 0 |1 0 |4 0 |6 M542 |7 1 |9 43376 |a Arxiu |b Arxiu |d 2016-12-01 |l 0 |o M-5-42 |p 13425 |r 2016-12-01 00:00:00 |w 2016-12-01 |y ARXIU | ||
| 999 | |c 45921 |d 45921 | ||